[Event "LSS RN-2010-0-00276"]
[Site "LSS email"]
[Date "2010.03.29"]
[Round "?"]
[White "Holmquist, Marson C"]
[Black "Pavuk, Jan"]
[Result "1-0"]
[WhiteElo "595"]
[BlackElo "587"]
[PlyCount "37"]
[EventDate "2010.03.18"]
[EventType "tourn (corr)"]
[EventRounds "6"]
[EventCountry "GER"]
[SourceTitle "Telechess CBM 141"]
[Source "ChessBase"]
[SourceDate "2011.03.17"]
[SourceVersion "1"]
[SourceVersionDate "2011.03.17"]
[SourceQuality "1"]

1. e4 e5 2. f3 Nc6 3. Nh3 d5 4. exd5 Qxd5 5. Nc3 Qd8 6. Bc4 Bxh3 7. gxh3 Qh4+ 8. Ke2 Qxc4+ 9. d3 Qh4 10. Nd5 0-0-0 11. Qf1 Rxd5 12. Qg2 Nf6 13. Bg5 Qh5 14. Kd2 Nd4 15. Raf1 Be7 16. Bxf6 Bxf6 17. f4 exf4 18. Rxf4 Rg5 19. Qf2 1-0

[Event "LSS ZN-2010-0-00957"]
[Site "LSS email"]
[Date "2010.03.13"]
[Round "?"]
[White "Brus, Hartmut"]
[Black "Pavuk, Jan"]
[Result "1-0"]
[WhiteElo "1442"]
[BlackElo "499"]
[PlyCount "25"]
[EventDate "2010.03.07"]
[EventType "match (corr)"]
[EventRounds "2"]
[EventCountry "GER"]
[SourceTitle "Corr 2015"]
[Source "ChessBase"]
[SourceDate "2015.07.17"]
[SourceVersion "1"]
[SourceVersionDate "2015.07.17"]
[SourceQuality "1"]

1. e4 e5 2. Nf3 d6 3. d4 Bg4 4. h3 Bxf3 5. Qxf3 exd4 6. Qb3 b6 7. Qd5 Nd7 8. Bc4 Nh6 9. Bxh6 Qe7 10. Qxa8+ Nb8 11. Bb5+ c6 12. Bxc6+ Kd8 13. Qxb8# 1-0

[Event "LSS No Engine Cup 18 Preliminary 5"]
[Site "LSS email"]
[Date "2010.03.05"]
[Round "?"]
[White "Pavuk, Jan"]
[Black "Bilsel, Sabahaddin"]
[Result "0-1"]
[WhiteElo "499"]
[BlackElo "1934"]
[PlyCount "30"]
[EventDate "2010.03.06"]
[EventType "tourn (corr)"]
[EventRounds "6"]
[EventCountry "GER"]
[SourceTitle "Corr 2015"]
[Source "ChessBase"]
[SourceDate "2015.07.17"]
[SourceVersion "1"]
[SourceVersionDate "2015.07.17"]
[SourceQuality "1"]

1. e4 c5 2. Bc4 e6 3. e5 Nc6 4. Nf3 f6 5. exf6 Nxf6 6. d4 d5 7. Bb5 Bd7 8. 0-0 Nxd4 9. Bxd7+ Qxd7 10. Nxd4 cxd4 11. Qxd4 Rc8 12. c3 Bc5 13. Qe5 0-0 14. Bg5 Ne4 15. Be3 Bxe3 0-1

[Event "LSS No Engine Cup 18 Preliminary 5"]
[Site "LSS email"]
[Date "2010.03.05"]
[Round "?"]
[White "Ziljbershtejn, Dmitrij"]
[Black "Pavuk, Jan"]
[Result "1-0"]
[WhiteElo "1459"]
[BlackElo "499"]
[PlyCount "21"]
[EventDate "2010.03.06"]
[EventType "tourn (corr)"]
[EventRounds "6"]
[EventCountry "GER"]
[SourceTitle "Corr 2015"]
[Source "ChessBase"]
[SourceDate "2015.07.17"]
[SourceVersion "1"]
[SourceVersionDate "2015.07.17"]
[SourceQuality "1"]

1. d4 d5 2. c4 dxc4 3. e3 Be6 4. Nc3 Nf6 5. Nf3 Nc6 6. Ng5 h6 7. Nxe6 fxe6 8. Bxc4 e5 9. Qb3 exd4 10. Bf7+ Kd7 11. Qe6# 1-0

[Event "LSS ZN-2010-0-00881"]
[Site "LSS email"]
[Date "2010.01.23"]
[Round "?"]
[White "Pavuk, Jan"]
[Black "Molina, Vicente Andres"]
[Result "1-0"]
[WhiteElo "499"]
[BlackElo "814"]
[PlyCount "21"]
[EventDate "2010.01.19"]
[EventType "match (corr)"]
[EventRounds "2"]
[EventCountry "GER"]
[SourceTitle "Corr 2015"]
[Source "ChessBase"]
[SourceDate "2015.07.17"]
[SourceVersion "1"]
[SourceVersionDate "2015.07.17"]
[SourceQuality "1"]

1. e4 c5 2. Bc4 e6 3. Nf3 d6 4. d4 cxd4 5. Qxd4 Nf6 6. 0-0 Nc6 7. Qe3 e5 8. Ng5 Be6 9. Bxe6 fxe6 10. Qb3 Ke7 11. Qxe6# 1-0

[Event "LSS SN-2009-0-00211"]
[Site "LSS email"]
[Date "2010.01.03"]
[Round "?"]
[White "Smith, Harry E"]
[Black "Pavuk, Jan"]
[Result "1-0"]
[WhiteElo "520"]
[BlackElo "499"]
[PlyCount "55"]
[EventDate "2009.12.11"]
[EventType "tourn (corr)"]
[EventRounds "6"]
[EventCountry "GER"]
[SourceTitle "Telechess CBM 141"]
[Source "ChessBase"]
[SourceDate "2011.03.17"]
[SourceVersion "1"]
[SourceVersionDate "2011.03.17"]
[SourceQuality "1"]

1. e4 e5 2. Nf3 Nc6 3. g3 d5 4. Nc3 dxe4 5. Nxe4 Bg4 6. Bg2 f5 7. h3 Bxf3 8. Bxf3 fxe4 9. Bxe4 Qd6 10. d3 0-0-0 11. c3 Nf6 12. Bf5+ Kb8 13. 0-0 g6 14. Bg5 gxf5 15. Qf3 h6 16. Bh4 Qe6 17. a4 a5 18. b4 axb4 19. a5 bxc3 20. a6 bxa6 21. Rxa6 Kb7 22. Rxc6 Qxc6 23. Rb1+ Kc8 24. Qxc6 Rxd3 25. Qa6+ Kd7 26. Qxd3+ Ke7 27. Qxf5 Bg7 28. Qxe5+ 1-0